[Event "IECC CL7-2000.27"]
[Site "IECC email"]
[Date "2000.05.13"]
[Round "?"]
[White "Hargreaves, John Richard"]
[Black "Mesotten, Dirk"]
[Result "0-1"]
[WhiteElo "1300"]
[BlackElo "977"]
[PlyCount "34"]
[EventDate "2000.??.??"]
[EventType "tourn (corr)"]
[EventRounds "4"]
[SourceTitle "Corr 2008"]
[Source "ChessBase"]
[SourceDate "2008.06.24"]
[SourceVersion "1"]
[SourceVersionDate "2008.06.24"]
[SourceQuality "1"]

1. e4 e5 2. Nf3 Nc6 3. Nc3 d6 4. d4 exd4 5. Nxd4 g6 6. Nxc6 bxc6 7. b3 Bg7 8. Bb2 Nf6 9. Rb1 0-0 10. Bd3 Re8 11. 0-0 Bd7 12. Re1 c5 13. Qd2 Qe7 14. Nd5 Qd8 15. Nxf6+ Bxf6 16. c4 a5 17. a4 Rb8 0-1